[Event "Ron Bruce Premier"]
[Site "Paignton"]
[Date "2014.09.01"]
[Round "2"]
[White "Tello, Yasser"]
[Black "Berry, Stephen H"]
[Result "0-1"]
[WhiteElo "1945"]
[BlackElo "2321"]
[PlyCount "72"]
[EventDate "2014.08.31"]
[EventType "swiss"]
[EventRounds "7"]
[EventCountry "ENG"]

1. d4 Nf6 2. Nf3 d5 3. c4 e6 4. Nc3 Bb4 5. Bg5 O-O 6. e3 c5 7. a3 Bxc3+ 8. bxc3
Nbd7 9. cxd5 exd5 10. Bd3 Qa5 11. O-O c4 12. Bf5 Qxc3 13. Qb1 Qa5 14. a4 h6 15.
Bf4 Re8 16. Ne5 Nxe5 17. Bxe5 Qa6 18. f3 Bxf5 19. Qxf5 Qe6 20. Qxe6 Rxe6 21. h4
Nd7 22. Bf4 b6 23. Kf2 Rc8 24. Rac1 a6 25. Rb1 f5 26. Ke2 Nf8 27. h5 Nd7 28.
Rfc1 Nf6 29. Rh1 c3 30. Be5 Nd7 31. f4 Nf6 32. Bxf6 Rxf6 33. Rhc1 Rc4 34. Rb3
Rfc6 35. Rc2 Rxa4 36. Rcxc3 Rac4 0-1

[Event "Ron Bruce Premier"]
[Site "Paignton"]
[Date "2014.09.02"]
[Round "3"]
[White "Berry, Stephen H"]
[Black "McKenna, Jason P"]
[Result "1/2-1/2"]
[WhiteElo "2321"]
[BlackElo "2153"]
[PlyCount "77"]
[EventDate "2014.08.31"]
[EventType "swiss"]
[EventRounds "7"]
[EventCountry "ENG"]

1. b3 e5 2. Bb2 d6 3. e3 Nf6 4. c4 g6 5. Nc3 Bg7 6. Nf3 O-O 7. d4 e4 8. Nd2 Re8
9. Be2 c6 10. g4 h6 11. h4 d5 12. Rg1 Be6 13. Qc2 Na6 14. a3 Nc7 15. O-O-O Qd7
16. g5 hxg5 17. Rxg5 Bg4 18. Re1 Bh6 19. Re5 Bxe2 20. Nxe2 Ng4 21. Nf4 Bxf4 22.
exf4 Nxf2 23. Rg1 Nd3+ 24. Kb1 Nxf4 25. Nf1 Nd3 26. h5 Rxe5 27. dxe5 Qf5 28.
hxg6 fxg6 29. Ne3 Qf3 30. Qh2 Nf4 31. Rg3 Qh5 32. Qxh5 Nxh5 33. Rxg6+ Kf7 34.
Rd6 Re8 35. cxd5 Nxd5 36. Nxd5 cxd5 37. Rxd5 Nf4 38. Rd1 Ke6 39. Rd6+ 1/2-1/2

[Event "Ron Bruce Premier"]
[Site "Paignton"]
[Date "2014.09.03"]
[Round "4"]
[White "Ledger, Dave J"]
[Black "Berry, Stephen H"]
[Result "0-1"]
[WhiteElo "2236"]
[BlackElo "2321"]
[PlyCount "116"]
[EventDate "2014.08.31"]
[EventType "swiss"]
[EventRounds "7"]
[EventCountry "ENG"]

1. e4 Nf6 2. Nc3 e5 3. Nf3 d6 4. d4 exd4 5. Nxd4 Be7 6. g3 O-O 7. Bg2 Re8 8.
O-O Bf8 9. h3 Nbd7 10. g4 Nc5 11. Re1 c6 12. Bg5 Be7 13. Bf4 Ne6 14. Be3 Nxd4
15. Qxd4 Be6 16. f4 h6 17. Rad1 Qa5 18. Qd2 Qc7 19. Qf2 b6 20. a4 Bc4 21. Rd4
Ba6 22. Red1 Rad8 23. R4d2 Nh7 24. Ne2 Bxe2 25. Rxe2 Qc8 26. a5 c5 27. axb6
axb6 28. c4 Nf8 29. Ra1 Ng6 30. Ra7 Rd7 31. Ra3 Bf6 32. Rd2 Rdd8 33. Qf1 Qc7
34. Rad3 Qe7 35. Kh2 Nh4 36. Bh1 g5 37. e5 Bxe5 38. fxe5 Qxe5+ 39. Bf4 gxf4 40.
Bc6 f3+ 41. Kh1 Qg3 42. Bxe8 Rxe8 43. Rf2 Re4 44. Qg1 Qxh3+ 45. Rh2 Qxg4 46.
Qxg4+ Rxg4 47. Rxd6 Rxc4 48. Rf2 Rb4 49. Rxh6 Kg7 50. Rc6 Rb3 51. Kh2 Nf5 52.
Kh3 Nd4 53. Rc7 Kg6 54. Rc8 Kf5 55. Rf8 f6 56. Kh4 Ne6 57. Rg8 Ng5 58. Rf8 Re3
0-1

[Event "Ron Bruce Premier"]
[Site "Paignton"]
[Date "2014.09.04"]
[Round "5"]
[White "Berry, Stephen H"]
[Black "Gormally, Daniel"]
[Result "0-1"]
[WhiteElo "2321"]
[BlackElo "2500"]
[PlyCount "66"]
[EventDate "2014.08.31"]
[EventType "swiss"]
[EventRounds "7"]
[EventCountry "ENG"]

1. c4 e5 2. Nc3 Bb4 3. Qc2 Nf6 4. Nf3 Qe7 5. g3 O-O 6. Bg2 c6 7. O-O d5 8. cxd5
cxd5 9. d4 e4 10. Ne5 Nc6 11. Nxc6 bxc6 12. Bf4 Nh5 13. Bd2 Ba6 14. Rfe1 f5 15.
Na4 Bxd2 16. Qxd2 f4 17. Nc5 e3 18. fxe3 fxg3 19. hxg3 Nxg3 20. e4 Nxe4 21.
Nxe4 dxe4 22. Qe3 Bc4 23. Rf1 Bd5 24. a3 a5 25. Rxf8+ Rxf8 26. Rf1 Rb8 27. Rf5
Rxb2 28. Qf4 h6 29. Re5 Qf6 30. Qg4 Rb1+ 31. Kh2 Qf2 32. Re8+ Kh7 33. Rxe4 Rg1
0-1

[Event "Ron Bruce Premier"]
[Site "Paignton"]
[Date "2014.09.05"]
[Round "6"]
[White "Bates, Richard"]
[Black "Berry, Stephen H"]
[Result "1/2-1/2"]
[WhiteElo "2338"]
[BlackElo "2321"]
[PlyCount "46"]
[EventDate "2014.08.31"]
[EventType "swiss"]
[EventRounds "7"]
[EventCountry "ENG"]

1. d4 Nf6 2. c4 e6 3. g3 d5 4. Bg2 dxc4 5. Nf3 Bb4+ 6. Bd2 c5 7. O-O Nc6 8.
dxc5 Bxc5 9. Qa4 O-O 10. Qxc4 Be7 11. Nc3 e5 12. Rfd1 Be6 13. Qa4 Qb6 14. Be1
Rfd8 15. Ng5 Bf5 16. Qc4 Bg6 17. Nce4 Qc7 18. b4 Rac8 19. Rxd8+ Qxd8 20. Rc1 h6
21. b5 hxg5 22. bxc6 bxc6 23. Bc3 Qc7 1/2-1/2

[Event "Ron Bruce Premier"]
[Site "Paignton"]
[Date "2014.09.07"]
[Round "7"]
[White "Berry, Stephen H"]
[Black "Stone, Andrew M"]
[Result "1-0"]
[WhiteElo "2321"]
[BlackElo "2204"]
[PlyCount "83"]
[EventDate "2014.08.31"]
[EventType "swiss"]
[EventRounds "7"]
[EventCountry "ENG"]

1. Nf3 Nf6 2. g3 b5 3. Bg2 Bb7 4. O-O e6 5. d3 Be7 6. e4 d6 7. Nc3 b4 8. Ne2 c5
9. Nd2 d5 10. exd5 exd5 11. a3 bxa3 12. Rxa3 Nc6 13. Ra1 O-O 14. Nf3 d4 15. Re1
Re8 16. Ne5 Qc7 17. Nc4 Nd8 18. Nf4 Bxg2 19. Kxg2 Nc6 20. Qf3 Bf8 21. Bd2 Qd7
22. h3 Rab8 23. b3 Rbc8 24. Nh5 Nd5 25. Nf4 Nf6 26. Kh2 h6 27. Kg2 Rcd8 28. Kh2
Rc8 29. Nh5 Nxh5 30. Qxh5 Nb4 31. Bxb4 cxb4 32. Qf3 Bc5 33. Kg2 Re7 34. Rxe7
Qxe7 35. Ra5 Qc7 36. Rb5 Qc6 37. Rb7 f6 38. Nd2 f5 39. Nc4 Bb6 40. Re7 Kf8 41.
Rf7+ Kg8 42. Rxf5 1-0

[Event "Bodensee Cup Seniors"]
[Site "Bregenz"]
[Date "2015.05.09"]
[Round "1"]
[White "Schoenfelder, Heinrich"]
[Black "Berry, Stephen H"]
[Result "0-1"]
[WhiteElo "1849"]
[BlackElo "2327"]
[PlyCount "40"]
[EventDate "2015.05.09"]
[EventType "swiss"]
[EventRounds "9"]
[EventCountry "AUT"]
[SourceTitle "CBM 166 Extra"]
[Source "ChessBase"]
[SourceDate "2015.06.18"]
[SourceVersion "1"]
[SourceVersionDate "2015.06.18"]
[SourceQuality "1"]

1. d4 Nf6 2. Nf3 d5 3. c4 e6 4. Nc3 Bb4 5. e3 O-O 6. Qc2 c5 7. a3 Bxc3+ 8. bxc3
Nc6 9. Bd3 dxc4 10. Bxc4 Qc7 11. O-O e5 12. Bd3 Re8 13. e4 exd4 14. cxd4 Bg4
15. d5 Bxf3 16. gxf3 Nd4 17. Qd1 Qd7 18. Bf4 Qh3 19. Be2 Nxd5 20. Bg3 Nc3 0-1

[Event "Bodensee Cup Seniors"]
[Site "Bregenz"]
[Date "2015.05.10"]
[Round "2"]
[White "Berry, Stephen H"]
[Black "Rigg, Hans"]
[Result "1/2-1/2"]
[WhiteElo "2327"]
[BlackElo "1957"]
[PlyCount "56"]
[EventDate "2015.05.09"]
[EventType "swiss"]
[EventRounds "9"]
[EventCountry "AUT"]
[SourceTitle "CBM 166 Extra"]
[Source "ChessBase"]
[SourceDate "2015.06.18"]
[SourceVersion "1"]
[SourceVersionDate "2015.06.18"]
[SourceQuality "1"]

1. c4 e5 2. Nc3 Nc6 3. Nf3 Nf6 4. e3 Be7 5. d4 exd4 6. Nxd4 Ne5 7. Nf5 O-O 8.
Nxe7+ Qxe7 9. Be2 d6 10. O-O Be6 11. b3 Rfd8 12. Nd5 Nxd5 13. cxd5 Bf5 14. Bb2
c5 15. dxc6 bxc6 16. Qd4 f6 17. Rfd1 Rd7 18. Rac1 Rad8 19. h3 c5 20. Qf4 Bg6
21. Qg3 Bf7 22. h4 Rb7 23. h5 Kh8 24. Bc3 d5 25. Qh4 Nc6 26. h6 d4 27. hxg7+
Kxg7 28. Qg4+ Bg6 1/2-1/2

[Event "Bodensee Cup Seniors"]
[Site "Bregenz"]
[Date "2015.05.11"]
[Round "3"]
[White "Vilerte, Tamara"]
[Black "Berry, Stephen H"]
[Result "1/2-1/2"]
[WhiteElo "2052"]
[BlackElo "2327"]
[PlyCount "46"]
[EventDate "2015.05.09"]
[EventType "swiss"]
[EventRounds "9"]
[EventCountry "AUT"]
[SourceTitle "CBM 166 Extra"]
[Source "ChessBase"]
[SourceDate "2015.06.18"]
[SourceVersion "1"]
[SourceVersionDate "2015.06.18"]
[SourceQuality "1"]

1. d4 Nf6 2. Nf3 d5 3. c4 e6 4. Nc3 Bb4 5. Bg5 h6 6. Bxf6 Qxf6 7. e3 O-O 8. Rc1
dxc4 9. Bxc4 c5 10. dxc5 Nd7 11. O-O Bxc3 12. Rxc3 Nxc5 13. Qd4 Qxd4 14. Nxd4
b6 15. Rfc1 Bb7 16. b3 Rfd8 17. Be2 a5 18. Bf3 Bxf3 19. Nxf3 Rd5 20. Kf1 g6 21.
Ke2 Rad8 22. Rc4 Kg7 23. Rd4 Kf6 1/2-1/2

[Event "GBR-ch103 Over 65"]
[Site "Bournemouth"]
[Date "2016.07.24"]
[Round "1"]
[White "Feavyour, John"]
[Black "Berry, Stephen H"]
[Result "0-1"]
[WhiteElo "1988"]
[BlackElo "2290"]
[PlyCount "84"]
[EventDate "2016.07.24"]
[EventType "swiss"]
[EventRounds "7"]
[EventCountry "GBR"]
[SourceTitle "CBM 173 Extra"]
[Source "ChessBase"]
[SourceDate "2016.08.29"]
[SourceVersion "1"]
[SourceVersionDate "2016.08.29"]
[SourceQuality "1"]

1. d4 Nf6 2. c4 e6 3. Nc3 Bb4 4. e3 O-O 5. Bd3 d5 6. Nf3 c5 7. O-O Nc6 8. a3
Bxc3 9. bxc3 dxc4 10. Bxc4 Qc7 11. Qe2 e5 12. Nxe5 Nxe5 13. dxe5 Qxe5 14. f4
Qe7 15. h3 Bd7 16. Rb1 Bc6 17. Bd3 Rad8 18. c4 Rfe8 19. Re1 Ne4 20. Bb2 f5 21.
Be5 Qe6 22. Qc2 Qg6 23. Rbd1 h6 24. Bxe4 Bxe4 25. Qe2 Kh7 26. Bc7 Rxd1 27. Rxd1
Qc6 28. Be5 Re6 29. Kh2 Rg6 30. Ra1 Qa4 31. Qa2 Bd3 32. Rc1 Qc6 33. Rg1 Qe4 34.
g4 fxg4 35. hxg4 Qxe3 36. Qb3 Rb6 37. Qc3 Qf2+ 38. Kh3 Bf1+ 39. Rxf1 Qxf1+ 40.
Kg3 Qd1 41. Qe3 Rb3 42. Bc3 Qc2 0-1

[Event "GBR-ch103 Over 65"]
[Site "Bournemouth"]
[Date "2016.07.26"]
[Round "3"]
[White "Surtees, Michael"]
[Black "Berry, Stephen H"]
[Result "0-1"]
[WhiteElo "2093"]
[BlackElo "2290"]
[PlyCount "114"]
[EventDate "2016.07.24"]
[EventType "swiss"]
[EventRounds "7"]
[EventCountry "GBR"]
[SourceTitle "CBM 173 Extra"]
[Source "ChessBase"]
[SourceDate "2016.08.29"]
[SourceVersion "1"]
[SourceVersionDate "2016.08.29"]
[SourceQuality "1"]

1. e4 e5 2. d3 Nc6 3. Be3 Nf6 4. c4 Bb4+ 5. Nc3 d6 6. h3 O-O 7. Nge2 Ne7 8. Qb3
Bc5 9. d4 exd4 10. Nxd4 c6 11. O-O-O Qc7 12. Kb1 a6 13. Nc2 Bxe3 14. Nxe3 b5
15. Qa3 Rb8 16. cxb5 axb5 17. b4 Be6 18. Rd2 d5 19. Be2 Ra8 20. Qc1 Nxe4 21.
Nxe4 dxe4 22. Qc5 Qa7 23. Qxa7 Rxa7 24. Rhd1 f5 25. g3 Kf7 26. Rc2 Rfa8 27.
Rdd2 g6 28. h4 Ra4 29. Rb2 R4a7 30. Bd1 Ra3 31. Bb3 Bxb3 32. Rxb3 Rxb3+ 33.
axb3 Ke6 34. Kb2 Nd5 35. Nc2 Ra6 36. Rd1 Ra2+ 37. Kc1 Ke5 38. Re1 Kf6 39. Kb1
Nc3+ 40. Kc1 h6 41. Re3 Nd5 42. Re1 Ke5 43. Kb1 Nc3+ 44. Kc1 Nd5 45. Kb1 Ra8
46. Kb2 Kf6 47. Rh1 Kg7 48. Rd1 Ra2+ 49. Kc1 g5 50. hxg5 hxg5 51. Rh1 Nxb4 52.
Nxb4 Ra1+ 53. Kd2 Rxh1 54. Nxc6 Kf6 55. Ke3 Rc1 56. Nd4 Rc3+ 57. Ke2 b4 0-1

[Event "GBR-ch103 Over 65"]
[Site "Bournemouth"]
[Date "2016.07.27"]
[Round "4"]
[White "Berry, Stephen H"]
[Black "Bimpson, Tom"]
[Result "1/2-1/2"]
[WhiteElo "2290"]
[BlackElo "2066"]
[PlyCount "83"]
[EventDate "2016.07.24"]
[EventType "swiss"]
[EventRounds "7"]
[EventCountry "GBR"]
[SourceTitle "CBM 173 Extra"]
[Source "ChessBase"]
[SourceDate "2016.08.29"]
[SourceVersion "1"]
[SourceVersionDate "2016.08.29"]
[SourceQuality "1"]

1. c4 d6 2. Nc3 e5 3. g3 f5 4. Bg2 Nf6 5. d3 Be7 6. e3 c6 7. Nge2 O-O 8. O-O
Kh8 9. f4 Na6 10. b3 Nc7 11. Qd2 Qe8 12. Bb2 Qh5 13. Rae1 Ne6 14. a3 Bd7 15. b4
Rae8 16. Nd1 Bd8 17. Nf2 Bc7 18. Bc3 Kg8 19. Bb2 Qh6 20. Qc1 a5 21. d4 exf4 22.
exf4 axb4 23. axb4 d5 24. c5 g5 25. fxg5 Qxg5 26. Qxg5+ Nxg5 27. Bc1 Nge4 28.
Bh6 Rf7 29. Bf4 Bxf4 30. Nxf4 Rfe7 31. N2d3 Nd2 32. Rxe7 Rxe7 33. Rd1 Nc4 34.
Re1 Ne4 35. Ra1 Ned2 36. Ra7 Be8 37. b5 Nb3 38. bxc6 Bxc6 39. Bxd5+ Bxd5 40.
Nxd5 Re2 41. N3f4 Rd2 42. Rxb7 1/2-1/2

[Event "GBR-ch103 Over 65"]
[Site "Bournemouth"]
[Date "2016.07.28"]
[Round "5"]
[White "Norman, Kenneth I"]
[Black "Berry, Stephen H"]
[Result "1-0"]
[WhiteElo "2108"]
[BlackElo "2290"]
[PlyCount "93"]
[EventDate "2016.07.24"]
[EventType "swiss"]
[EventRounds "7"]
[EventCountry "GBR"]
[SourceTitle "CBM 173 Extra"]
[Source "ChessBase"]
[SourceDate "2016.08.29"]
[SourceVersion "1"]
[SourceVersionDate "2016.08.29"]
[SourceQuality "1"]

1. Nf3 d5 2. g3 Nf6 3. Bg2 c6 4. O-O Bg4 5. c4 e6 6. cxd5 exd5 7. d3 Be7 8. h3
Bh5 9. Bf4 O-O 10. Qc2 Na6 11. a3 Nc5 12. Nd4 Bg6 13. Nc3 Ne6 14. Nxe6 fxe6 15.
e4 Nd7 16. b4 a5 17. Qb3 Bf7 18. exd5 exd5 19. d4 axb4 20. axb4 Rxa1 21. Rxa1
Qb6 22. Ne2 Nf6 23. Rb1 Bg6 24. Rb2 Ra8 25. Be3 Bd6 26. Nc3 Qd8 27. Ne2 Qe7 28.
b5 h5 29. bxc6 bxc6 30. Qb7 Ra1+ 31. Kh2 Ng4+ 32. hxg4 Qh4+ 33. Bh3 Be4 34.
Qc8+ Kh7 35. Nc1 Qf6 36. Bg2 Bg6 37. g5 Qe7 38. Rb7 Qe8 39. Qxe8 Bxe8 40. Ne2
h4 41. Bf4 hxg3+ 42. Bxg3 Bxg3+ 43. Kxg3 Ra3+ 44. f3 Bg6 45. Re7 Bd3 46. Nf4
Bb1 47. Ne6 1-0

[Event "GBR-ch103 Over 65"]
[Site "Bournemouth"]
[Date "2016.07.29"]
[Round "6"]
[White "Berry, Stephen H"]
[Black "Friedgood, David"]
[Result "1/2-1/2"]
[WhiteElo "2290"]
[BlackElo "2226"]
[PlyCount "56"]
[EventDate "2016.07.24"]
[EventType "swiss"]
[EventRounds "7"]
[EventCountry "GBR"]
[SourceTitle "CBM 173 Extra"]
[Source "ChessBase"]
[SourceDate "2016.08.29"]
[SourceVersion "1"]
[SourceVersionDate "2016.08.29"]
[SourceQuality "1"]

1. c4 Nf6 2. Nc3 g6 3. g3 Bg7 4. Bg2 O-O 5. d4 d6 6. Nf3 c6 7. O-O a6 8. e4 Bg4
9. h3 Bxf3 10. Bxf3 e5 11. d5 c5 12. Be2 Ne8 13. Be3 Nd7 14. Qd2 Qe7 15. Rae1
f5 16. exf5 gxf5 17. f4 Kh8 18. Kh2 exf4 19. Bxf4 Ne5 20. Bd3 Qd7 21. Nd1 b5
22. b3 bxc4 23. Bxc4 Nc7 24. a4 Rab8 25. Ne3 Ng6 26. Ng2 Ne5 27. Ne3 Ng6 28.
Ng2 Ne5 1/2-1/2

[Event "GBR-ch103 Over 65"]
[Site "Bournemouth"]
[Date "2016.07.30"]
[Round "7"]
[White "Habershon, Paul F"]
[Black "Berry, Stephen H"]
[Result "1/2-1/2"]
[WhiteElo "2019"]
[BlackElo "2290"]
[PlyCount "78"]
[EventDate "2016.07.24"]
[EventType "swiss"]
[EventRounds "7"]
[EventCountry "GBR"]
[SourceTitle "CBM 173 Extra"]
[Source "ChessBase"]
[SourceDate "2016.08.29"]
[SourceVersion "1"]
[SourceVersionDate "2016.08.29"]
[SourceQuality "1"]

1. e4 e5 2. Nf3 d6 3. d4 exd4 4. Nxd4 Nf6 5. Nc3 Be7 6. Be2 O-O 7. Be3 Re8 8.
O-O Bf8 9. f3 Nbd7 10. Qd2 Ne5 11. Rfd1 c6 12. a4 Qc7 13. a5 h6 14. Bf1 Bd7 15.
h3 a6 16. Qf2 c5 17. Nf5 Bxf5 18. exf5 Qc6 19. Re1 d5 20. Bxh6 gxh6 21. Rxe5
Rxe5 22. Qg3+ Kh7 23. Qxe5 Bd6 24. Qe1 c4 25. Qh4 Rg8 26. Ne2 Bc7 27. Ra3 Re8
28. f4 Re4 29. Rf3 Bxa5 30. c3 Bb6+ 31. Kh2 Qd6 32. Ng3 Qc5 33. Nh5 Nxh5 34.
Qxh5 Qe7 35. f6 Qxf6 36. Qxd5 Rxf4 37. Qxb7 Rxf3 38. Qxf3 Bc7+ 39. Kh1 Qe6
1/2-1/2

[Event "GBR-ch104 Over 65"]
[Site "Llandudno"]
[Date "2017.07.30"]
[Round "1.1"]
[White "Berry, Stephen H"]
[Black "Levens, David G"]
[Result "1-0"]
[WhiteElo "2293"]
[BlackElo "1963"]
[PlyCount "95"]
[EventDate "2017.07.30"]
[EventType "swiss"]
[EventRounds "7"]
[EventCountry "GBR"]

1. c4 e6 2. Nf3 f5 3. g3 Nf6 4. Bg2 Be7 5. O-O d6 6. Nc3 Na6 7. d4 O-O 8. b3
Qe8 9. Bb2 Ne4 10. e3 Bf6 11. a3 c6 12. Nxe4 fxe4 13. Nd2 d5 14. Qc2 e5 15.
Rae1 exd4 16. Bxd4 Bf5 17. Qc3 Nc5 18. cxd5 Nd3 19. dxc6 Rc8 20. Bxf6 Rxc6 21.
Qd4 Nxe1 22. Bxg7 Nc2 23. Qb2 Rf7 24. Be5 Nxa3 25. Nxe4 Rc2 26. Qa1 Bxe4 27.
Bxe4 Rc5 28. Bd4 Nc2 29. Bxc2 Rxc2 30. Qxa7 Qc8 31. Qa5 Rf5 32. Qb4 h5 33. Qe7
Rc7 34. Qe4 Rcf7 35. Kg2 Qd7 36. h3 Qb5 37. Qc2 h4 38. g4 Rg5 39. Qc8+ Rf8 40.
Qe6+ Rf7 41. Rc1 Qd5+ 42. Qxd5 Rxd5 43. f4 Rfd7 44. Kf3 Rb5 45. Rc3 Kf7 46. f5
Ra5 47. Kf4 b5 48. g5 1-0

[Event "GBR-ch104 Over 65"]
[Site "Llandudno"]
[Date "2017.07.31"]
[Round "2.1"]
[White "Barton, R Alan"]
[Black "Berry, Stephen H"]
[Result "0-1"]
[WhiteElo "2043"]
[BlackElo "2293"]
[PlyCount "82"]
[EventDate "2017.07.30"]
[EventType "swiss"]
[EventRounds "7"]
[EventCountry "GBR"]

1. d4 Nf6 2. Nf3 d5 3. e3 e6 4. Bd3 c5 5. b3 Nc6 6. O-O Bd6 7. Bb2 O-O 8. a3 b6
9. c4 cxd4 10. exd4 Bb7 11. Nc3 Rc8 12. Re1 Ne7 13. Qe2 Ng6 14. g3 Re8 15. Rad1
Bb8 16. Ne5 Qe7 17. Ng4 Red8 18. Nxf6+ Qxf6 19. cxd5 exd5 20. Qh5 a6 21. Ne2
Re8 22. Bf5 Rcd8 23. Nc1 Nf8 24. Bh3 g6 25. Qh6 Bc8 26. Nd3 Bxh3 27. Qxh3 Ne6
28. Ne5 Ng5 29. Qh6 Bxe5 30. dxe5 Qf5 31. e6 f6 32. Re2 Rxe6 33. Kf1 Rxe2 34.
Kxe2 Qf3+ 35. Kd2 Qxf2+ 36. Kc1 Rc8+ 37. Kb1 Qc2+ 38. Ka2 Qxd1 39. Bxf6 Rc2+
40. Bb2 Rxb2+ 41. Kxb2 Qh5 0-1

[Event "GBR-ch104 Over 65"]
[Site "Llandudno"]
[Date "2017.08.01"]
[Round "3.1"]
[White "Berry, Stephen H"]
[Black "Norman, Kenneth I"]
[Result "1-0"]
[WhiteElo "2293"]
[BlackElo "2114"]
[PlyCount "63"]
[EventDate "2017.07.30"]
[EventType "swiss"]
[EventRounds "7"]
[EventCountry "GBR"]

1. c4 g6 2. Nc3 Bg7 3. Nf3 Nf6 4. g3 O-O 5. Bg2 d6 6. d4 c6 7. O-O Qa5 8. e4 e5
9. h3 Nbd7 10. Re1 Re8 11. d5 c5 12. a3 a6 13. Bd2 Qd8 14. b4 b6 15. Rb1 Rf8
16. Be3 h6 17. Qa4 Ne8 18. bxc5 bxc5 19. g4 Ndf6 20. Rb2 h5 21. g5 Nd7 22. Reb1
Kh7 23. Qc2 Qc7 24. Bd2 Rb8 25. Rxb8 Nxb8 26. Qa4 Rg8 27. Ne2 Qa7 28. Ba5 Bd7
29. Qb3 Nc7 30. Qb7 Qxb7 31. Rxb7 Na8 32. Ra7 1-0

[Event "GBR-ch104 Over 65"]
[Site "Llandudno"]
[Date "2017.08.02"]
[Round "4.1"]
[White "Emerson, Roger"]
[Black "Berry, Stephen H"]
[Result "1-0"]
[WhiteElo "2195"]
[BlackElo "2293"]
[PlyCount "53"]
[EventDate "2017.07.30"]
[EventType "swiss"]
[EventRounds "7"]
[EventCountry "GBR"]

1. d4 Nf6 2. c4 e6 3. Nc3 Bb4 4. e3 O-O 5. Nge2 d5 6. a3 Be7 7. cxd5 exd5 8. g3
c6 9. Bg2 Nbd7 10. O-O a5 11. f3 Nb6 12. b3 Be6 13. Nf4 Bd7 14. g4 h6 15. Qc2
Re8 16. Re1 Bd6 17. Nd3 Nh7 18. Qf2 Qc7 19. Bf1 Ng5 20. e4 Bxh2+ 21. Kg2 dxe4
22. fxe4 Bd6 23. Bxg5 hxg5 24. e5 Be7 25. Be2 g6 26. Rh1 Kg7 27. Rh7+ 1-0

[Event "GBR-ch104 Over 65"]
[Site "Llandudno"]
[Date "2017.08.03"]
[Round "5.3"]
[White "Berry, Stephen H"]
[Black "Hutchinson, Norman A"]
[Result "1-0"]
[WhiteElo "2293"]
[BlackElo "2040"]
[PlyCount "95"]
[EventDate "2017.07.30"]
[EventType "swiss"]
[EventRounds "7"]
[EventCountry "GBR"]

1. c4 Nf6 2. Nc3 e6 3. e4 c5 4. e5 Ng8 5. Nf3 Nc6 6. d4 cxd4 7. Nxd4 Nxe5 8.
Ndb5 a6 9. Nd6+ Bxd6 10. Qxd6 f6 11. Be3 Ne7 12. Bb6 Nf5 13. Qb4 Nc6 14. Qc5
Qe7 15. Qxe7+ Kxe7 16. O-O-O d6 17. Bd3 Nh6 18. Rhe1 Bd7 19. c5 dxc5 20. Bxc5+
Ke8 21. Nd5 Kf7 22. Nb6 Rad8 23. Bc4 Ne5 24. Rxe5 fxe5 25. Nxd7 e4 26. Kb1 Rhe8
27. Bb3 Nf5 28. Bb6 Rc8 29. g4 Ne7 30. Ne5+ Kf6 31. Bd4 Nd5 32. Re1 Ke7 33.
Rxe4 Nf6 34. Re1 Red8 35. Bc3 Nd5 36. Bxd5 Rxd5 37. f4 Re8 38. Nf3 h6 39. Bxg7
Rg8 40. Bxh6 Rxg4 41. Bg5+ Kd6 42. Re2 Rd3 43. Rf2 Rd1+ 44. Kc2 Ra1 45. a3 Kd5
46. h4 Ke4 47. Nd2+ Kf5 48. Re2 1-0

[Event "GBR-ch104 Over 65"]
[Site "Llandudno"]
[Date "2017.08.05"]
[Round "7.1"]
[White "Shephard, Chris CW"]
[Black "Berry, Stephen H"]
[Result "1/2-1/2"]
[WhiteElo "2192"]
[BlackElo "2293"]
[PlyCount "55"]
[EventDate "2017.07.30"]
[EventType "swiss"]
[EventRounds "7"]
[EventCountry "GBR"]

1. Nf3 Nf6 2. d3 d5 3. Nbd2 e6 4. g3 b6 5. Bg2 Bb7 6. O-O Nbd7 7. c4 Be7 8. b3
O-O 9. Bb2 c5 10. cxd5 Nxd5 11. Rc1 Bf6 12. Bxf6 Qxf6 13. Ne4 Qe7 14. Nc3 Rfd8
15. Nxd5 Bxd5 16. Qd2 a5 17. Qc2 h6 18. a4 Rab8 19. Nd2 Ne5 20. Nc4 Nc6 21. Rb1
Nd4 22. Qd1 Qf6 23. Ne3 Bxg2 24. Kxg2 Qe5 25. Qd2 f5 26. f4 Qd6 27. Kf2 Nc6 28.
Qc3 1/2-1/2

[Event "Beacon Seniors"]
[Site "Exmouth"]
[Date "2017.11.07"]
[Round "2"]
[White "Adaway, William"]
[Black "Berry, Stephen H"]
[Result "1-0"]
[WhiteElo "1862"]
[BlackElo "2293"]
[PlyCount "103"]
[EventDate "2017.11.06"]
[EventType "swiss"]
[EventRounds "5"]
[EventCountry "ENG"]

1. e4 Nf6 2. e5 Nd5 3. d4 d6 4. Nf3 Bg4 5. Be2 e6 6. O-O Be7 7. h3 Bh5 8. c4
Nb6 9. exd6 cxd6 10. Nc3 O-O 11. Be3 N8d7 12. Rc1 Bxf3 13. gxf3 e5 14. f4 exd4
15. Qxd4 Nc5 16. Rfd1 Qc8 17. Kh2 Rd8 18. Rg1 Ne6 19. Qe4 Bf6 20. Bxb6 Bxc3 21.
Bxd8 Bxb2 22. Rc2 Bd4 23. Bh4 Qc5 24. Bg4 Nxf4 25. Bg3 Ng6 26. Rd1 Be5 27. Bxe5
dxe5 28. Rd5 Qb6 29. Bf5 Rf8 30. c5 Qb1 31. Bxg6 hxg6 32. Rxe5 Qd1 33. Qe2 Qd4
34. Qe3 Qa4 35. Rd2 Kh7 36. Re4 Qb5 37. a4 Qc6 38. Rd6 Qc7 39. Rh4+ Kg8 40. Re4
b6 41. Re8 bxc5 42. Rxf8+ Kxf8 43. Qe5 Kg8 44. Rd5 Qa5 45. Qb8+ Kh7 46. Rd8 g5
47. Rh8+ Kg6 48. Qd6+ f6 49. Qd3+ Kf7 50. Qd5+ Kg6 51. Qe4+ Kf7 52. Qe8# {
Source: Brian Valentine, 16 Jan 2019} 1-0

[Event "Beacon Seniors"]
[Site "Exmouth"]
[Date "2017.11.08"]
[Round "3"]
[White "Berry, Stephen H"]
[Black "Fierek, Eddie"]
[Result "1-0"]
[WhiteElo "2293"]
[BlackElo "1648"]
[PlyCount "84"]
[EventDate "2017.11.06"]
[EventType "swiss"]
[EventRounds "5"]
[EventCountry "ENG"]

1. c4 e5 2. Nc3 Nf6 3. Nf3 Nc6 4. e3 d5 5. cxd5 Nxd5 6. Bb5 Nxc3 7. bxc3 Bd6 8.
d4 exd4 9. cxd4 O-O 10. O-O Bg4 11. h3 Bh5 12. Be2 Re8 13. Rb1 Rb8 14. Bd2 Bg6
15. Rc1 a6 16. Qb3 Be4 17. Bc3 Qd7 18. Ng5 Bg6 19. Rfe1 h6 20. Nf3 Be4 21. Nd2
Bf5 22. Bf1 Be4 23. Nxe4 Rxe4 24. g3 Re7 25. e4 Bxg3 26. fxg3 Nxd4 27. Bxd4
Qxd4+ 28. Qe3 Qb2 29. Re2 Qe5 30. Qf4 Qd4+ 31. Kh2 g5 32. Qe3 Rd8 33. Qxd4 Rxd4
34. Bg2 c6 35. Rb2 Kg7 36. Rcc2 Kf6 37. Rb6 Rc7 38. Rcb2 Ke5 39. Bf3 Re7 40.
Kg2 Kf6 41. Kf2 Ke5 42. Ke3 Red7 {The remainder of the score cannot be
deciphered. (Source: Brian Valentine, 16 Jan 2019)} 1-0

[Event "Beacon Seniors"]
[Site "Exmouth"]
[Date "2017.11.09"]
[Round "4"]
[White "Lovell, Stanley"]
[Black "Berry, Stephen H"]
[Result "0-1"]
[WhiteElo "1632"]
[BlackElo "2293"]
[PlyCount "68"]
[EventDate "2017.11.06"]
[EventType "swiss"]
[EventRounds "5"]
[EventCountry "ENG"]

1. d4 Nf6 2. Nf3 d5 3. Bf4 c5 4. c3 Qb6 5. Qb3 Nc6 6. e3 c4 7. Qxb6 axb6 8.
Nbd2 b5 9. Ne5 e6 10. a3 b4 11. a4 Be7 12. Be2 O-O 13. O-O Nxe5 14. Bxe5 Bd7
15. a5 Bc6 16. Bf3 Nd7 17. e4 Nxe5 18. dxe5 bxc3 19. bxc3 Bg5 20. Rfd1 Bxd2 21.
Rxd2 dxe4 22. Be2 Bd5 23. Rb2 Rfc8 24. Kf1 g6 25. Rb5 Ra6 26. Ra4 Rca8 27. Rc5
b6 28. Rc7 b5 29. Rb4 Rxa5 30. Rb1 Ra1 31. Re1 R8a3 32. Rc5 Rxe1+ 33. Kxe1 Rxc3
34. Rxb5 Rb3 {The remainder of the score cannot be deciphered. (Source: Brian
Valentine, 16 Jan 2019)} 0-1